000 00788nam a2200265Ia 4500
003 OSt
005 20221007122646.0
006 a|||||r|||| 00| 0
007 ta
008 221006b |||||||| |||| 00| 0 eng d
020 _a97811073635951 (pbk)
024 _a152266
037 _b4114, 11/10/2011, New India Book Agency
_cTextual
040 _aPAPL
_cPAPL
_beng
041 _2eng
_aeng
082 _aC5:8N6, Q1 Carpa
100 _aNew Geoffrey
_9714816
245 0 _aIntroduction to nonlinear optics
260 _aNew
_bYork CUP
_c2011
300 _axv; 257p.
_ccm.
650 _a Nonlinear optics
650 _aPhysics
942 _hC5:8N6, Q1 Carpa
_cTEXL
_2CC
999 _c1210734
_d1210734